Scham's Out Lines Programming with C (Record no. 51562)

000 -LEADER
fixed length control field 00389nam a2200145Ia 4500
008 - FIXED-LENGTH DATA ELEMENTS--GENERAL INFORMATION
fixed length control field 260319s9999 xx 000 0 und d
020 ## - INTERNATIONAL STANDARD BOOK NUMBER
International Standard Book Number 9.7893553232e+012
082 ## - DEWEY DECIMAL CLASSIFICATION NUMBER
Classification number 005.133.
Item number GOT/S
100 ## - MAIN ENTRY--PERSONAL NAME
Personal name Gottfried,Byron
245 #0 - TITLE STATEMENT
Title Scham's Out Lines Programming with C
250 ## - EDITION STATEMENT
Edition statement 2nd Edition
260 ## - PUBLICATION, DISTRIBUTION, ETC.
Place of publication, distribution, etc. Chennai
Name of publisher, distributor, etc. Mcgraw Hill Education Pvt Ltd
Date of publication, distribution, etc. 2025
300 ## - PHYSICAL DESCRIPTION
Extent 532p.
942 ## - ADDED ENTRY ELEMENTS (KOHA)
Koha item type Book
Holdings
Withdrawn status Lost status Damaged status Not for loan Collection code Permanent Location Current Location Date acquired Cost, normal purchase price Full call number Barcode Date last seen Price effective from Koha item type
        School of Data Science (Noida) MUIT-NOIDA MUIT-NOIDA 2026-03-19 950.00 005.133 GOT/S DSC01608 2026-03-19 2026-03-19 Book

All Rights Reserved@MUIT

Powered by Koha